El choque de ideas económicas : los grandes debates de política económica de los últimos cien años /

Detalles Bibliográficos
Autor principal: White, Lawrence H. (Lawrence Henry) (Autor)
Otros Autores: Beltrán Adell, Francisco (Traductor)
Formato: Electrónico eBook
Lenguaje:español
inglés
Publicado: Barcelona, España : Antoni Bosch editor, [2014]
Materias:
Acceso en línea:Digitalia Hispánica

MARC

LEADER 00000nam a2200000Ii 4500
001 DIGANBSCH0004
003 NyNyDIG
006 m o d
007 cr |||||||||||
008 240103s2014 sp ob 001 0 spa d
035 |a (OCoLC)1417821244 
040 |a DGITA  |b eng  |e rda  |e pn  |c DGITA 
020 |q 9788494043338eBook 
020 |a 9788494488078  |q eBook 
020 |z 9788495348968 
041 1 |a spa  |h eng 
050 1 4 |a HB87 ebook 
082 0 4 |a 330.1  |2 23 
100 1 |a White, Lawrence H.  |q (Lawrence Henry),  |e author. 
240 1 0 |a Clash of economic ideas.  |l Spanish  |s (Beltrán Adell) 
245 1 3 |a El choque de ideas económicas :  |b los grandes debates de política económica de los últimos cien años /  |c Lawrence H. White ; traducción de Francisco Beltrán. 
264 1 |a Barcelona, España :  |b Antoni Bosch editor,  |c [2014] 
300 |a 1 online resource. 
336 |a text  |b txt  |2 rdacontent 
337 |a computer  |b c  |2 rdamedia 
338 |a online resource  |b cr  |2 rdacarrier 
347 |a text file  |2 rdaft 
347 |b PDF 
504 |a Includes bibliographical references and index. 
588 0 |a Online resource; title from PDF title page (Digitalia, viewed January 3, 2024) 
650 0 |a Economics  |x History  |y 20th century. 
650 0 |a Economics  |x History  |y 21st century. 
700 1 |a Beltrán Adell, Francisco,  |e translator. 
700 1 |i Translation of:  |a White, Lawrence H.  |q (Lawrence Henry).  |t Clash of economic ideas. 
791 2 |a Digitalia (Firm),  |e distributor. 
793 0 |g Digitalia eBook Collection:  |a Antoni Bosch Editor 
776 0 8 |i Print version:  |a White, Lawrence H. (Lawrence Henry).  |s Clash of economic ideas. Spanish (Beltrán Adell).  |t Choque de ideas económicas.  |d Barcelona, España : Antoni Bosch editor, [2014]  |z 9788495348968 
856 4 0 |3 Digitalia Hispánica  |u https://www.digitaliapublishing.com/a/84025/ 
910 |a Premium collection: 2024